000 01386nam a22003857a 4500
003 CHAP
005 20220329143316.0
008 080507d2005 us r 00110 spa d
010 _a94769
011 _a95741
020 _a157808184
035 _a106371
040 _cCHAP
082 0 0 _a583.79
_aR3
100 0 0 _aRazdan, Maharaj K.
_e, ed.
_994878
245 1 0 _aGenetic improvement of solanaceous crops
_c/ed. by Maharaj K. Razdan and Autar K. Mattoo
260 _aEnfield, NH :
_bScience Publishers,
_c2005
300 _axx, 637 p. :
_bilus. ; gráfs. ; cuadros
505 0 _aLa biblioteca tiene : v.1 Potato -- v.2 Tomato
590 _aBATCH-UPD
_b10
_c20130110
_lUCH01
_h0832
590 _aBATCH-UPD
_b10
_c20130410
_lUCH01
_h0510
590 _aBATCH-UPD
_b10
_c20130914
_lUCH01
_h1123
590 _aCONVERSION
_b10
_c20130109
_lUCH01
_h1352
650 1 4 _aCultivos
_xMejoramiento.
_930293
650 1 4 _aPapa
_xGenética.
_985240
650 1 4 _aPapa
_xMejoramiento.
_985259
650 1 4 _aSolanáceas.
_9108358
650 1 4 _aTomate
_xGenética.
_9113726
650 1 4 _aTomate
_xMejoramiento.
_9113737
700 1 _aMattoo, Autar K.
_e, ed.
_973096
901 _aBK
942 _cLIBRO
949 _a583.79 R3
_bBC
_cLIBRO
_d33724002040941
_eLIBRO
_fv.1
_gI.235543
_h109402
_i106371
_sb
_t$1243.75
949 _a583.79 R3
_bBC
_cLIBRO
_d33724002041347
_eLIBRO
_fv.2
_gI.c/e
_h109406
_i106371
_si
_t$1350.00
999 _c94769
_d94769